History Quiz

Random History or Country Quiz
Score 0/28 Timer 06:00
23 Plays Today
% Correct
Oprah Winfrey
94.9%
Marilyn Monroe
94.7%
Rosa Parks
93.5%
Serena Williams
93.3%
Anna Kournikova
92.7%
Indira Gandhi
91.8%
Anna Pavlova
91.1%
J.K. Rowling
90.9%
Penélope Cruz
89.8%
Elizabeth Petrovna
89.2%
Elizabeth I
88.2%
Simone de Beauvoir
88.1%
Queen Isabella I
87.8%
Brigitte Bardot
87.6%
% Correct
Victoria de los Ángeles
87.5%
Coco Chanel
87.1%
Jane Austen
86.4%
Agatha Christie
84.6%
Margaret Thatcher
84.3%
Catherine the Great
84.1%
Julie Andrews
83.3%
Susan B. Anthony
82.4%
Bernadette Soubirous
82.3%
Louisa May Alcott
70.4%
Bessie Smith
66.3%
Helen Clark
64.4%
Kate Sheppard
63.4%
George Sand
49.5%

You're not logged in!

Compare scores with friends on all Sporcle quizzes.
OR
Log In

Sporcle TV

Today on Sporcle TV


Watch our educational content, quiz creation guides, and fun videos on Sporcle TV.

Show Comments

Extras

Top Quizzes Today


Score Distribution

Paid Content

Your Account Isn't Verified!

In order to create a playlist on Sporcle, you need to verify the email address you used during registration. Go to your Sporcle Settings to finish the process.

Report this User

Report this user for behavior that violates our Community Guidelines.

Details: